书目信息 |
| 题名: |
不合时宜的沉思
|
|
| 作者: | 尼采 , Nietzsche 著 ;李秋零 译 | |
| 分册: | ||
| 出版信息: | 上海 华东师范大学出版社 2007 |
|
| 页数: | 442页 | |
| 开本: | 21cm | |
| 丛书名: | 尼采注疏集 | |
| 单 册: | ||
| 中图分类: | B516.47 | |
| 科图分类: | ||
| 主题词: | 哲学思想 | |
| 电子资源: | ||
| ISBN: | 978-7-5617-4964-7 | |
| 000 | 01176oam2 2200313 450 | |
| 001 | 012007082611 | |
| 005 | 20070516185451.40 | |
| 010 | @a978-7-5617-4964-7@dCNY34.80 | |
| 100 | @a20070227d2007 km y0chiy0120 ea | |
| 101 | 1 | @achi@cger |
| 102 | @aCN@b310000 | |
| 105 | @ay z 000yy | |
| 106 | @ar | |
| 200 | 1 | @a不合时宜的沉思@Abu he shi yi de chen si@f尼采(FriedrichNietzsche)著@Fni cai(FriedrichNietzsche)zhu@g李秋零译@Gli qiu ling yi |
| 210 | @a上海@c华东师范大学出版社@d2007 | |
| 215 | @a442页@d21cm | |
| 225 | 2 | @a尼采注疏集@i笺注本尼采著作全集 |
| 330 | @a本书收录了尼采的四部分作品,包括《施特劳斯 — — 表白者与作家》、《历史学对于生活的利与弊》、《作为教育者的叔本华》、《瓦格纳在拜雷特》。 | |
| 462 | 0 | @12001 @a笺注本尼采著作全集 |
| 510 | 1 | @aUnzeitgemabe betrachtungen@zger |
| 600 | 1 | @a尼采@c(Nietzsche,FriedrichWilhelm@f1844~1900)@x哲学思想@x研究 |
| 600 | 1 | @a尼采@c(Nietzsche,FriedrichWilhelm@f1844~1900) |
| 606 | 0 | @a哲学思想 |
| 690 | @aB516.47@v4 | |
| 701 | 1 | @c(德)@a尼采@Ani cai@bF.@4著 |
| 701 | 1 | @c(德)@aNietzsche@bFriedrich@4著 |
| 702 | 0 | @a李秋零@Ali qiu ling@4译 |
| 801 | 0 | @aCN@bRULIN@c20070516 |
| 905 | @dB516.47@e121@s5 | |
| 不合时宜的沉思/尼采(FriedrichNietzsche)著/李秋零译.-上海:华东师范大学出版社,2007 |
| 442页;21cm.-(尼采注疏集.笺注本尼采著作全集) |
| ISBN 978-7-5617-4964-7:CNY34.80 |
| 本书收录了尼采的四部分作品,包括《施特劳斯 — — 表白者与作家》、《历史学对于生活的利与弊》、《作为教育者的叔本华》、《瓦格纳在拜雷特》。 |
| ● |
| 相关链接 |
|
|
|
|
正题名:不合时宜的沉思
索取号:B516.47/121
 
预约/预借
| 序号 | 登录号 | 条形码 | 馆藏地/架位号 | 状态 | 备注 |
| 1 | 0572530 | 205725303 | 第一样本阅览室/ [索取号:B516.47/121] | 在馆 | |
| 2 | 0572531 | 205725312 | 教育系资料室/ [索取号:B516.47/121] | 在馆 | |
| 3 | 0572532 | 205725321 | 第一借阅区/ [索取号:B516.47/121] | 在馆 | |
| 4 | 0572533 | 205725330 | 第一借阅区/ [索取号:B516.47/121] | 在馆 | |
| 5 | 0572534 | 205725349 | 第一借阅区/ [索取号:B516.47/121] | 在馆 |